|
|
|
|
| LEADER |
00000nmm0a2200000 4500 |
| 001 |
180767 |
| 005 |
20231101223554.0 |
| 010 |
|
|
|a 9785160037011
|
| 035 |
|
|
|a (RuTPU)RU\TPU\book\195968
|
| 090 |
|
|
|a 180767
|
| 100 |
|
|
|a 20100526d2010 m y0rusy50 ca
|
| 101 |
0 |
|
|a rus
|
| 102 |
|
|
|a RU
|
| 105 |
|
|
|a a j 001zy
|
| 200 |
1 |
|
|a Информационный менеджмент
|e учебник
|f под ред. Н. М. Абдикеева
|
| 210 |
|
|
|a Москва
|c Инфра-М
|d 2010
|
| 215 |
|
|
|a 400 с.
|c ил.
|e CD-ROM
|
| 225 |
1 |
|
|a Высшее образование
|
| 320 |
|
|
|a Библиография в конце глав.
|
| 330 |
|
|
|a Книга посвящена новому подходу в информационном менеджменте, направленному на предоставление бизнесу информационных услуг (сервисов). Рассматриваются: стратегия и архитектура информатизации компании, управление ИТ-проектами, информационный сервис-менеджмент, информационные ресурсы, эффективность ИТ, информационная безопасность. Книга предназначена для менеджеров, бизнес-аналитиков, ИТ-специалистов, слушателей программ МВА, студентов и магистров вузов, аспирантов и преподавателей в области корпоративного менеджмента и корпоративных информационных систем.
|
| 606 |
1 |
|
|a Информационный менеджмент
|2 stltpush
|3 (RuTPU)RU\TPU\subj\69566
|9 84367
|
| 610 |
1 |
|
|a информатика
|
| 610 |
1 |
|
|a информация
|
| 610 |
1 |
|
|a экономика
|
| 610 |
1 |
|
|a управление
|
| 610 |
1 |
|
|a информатизация
|
| 610 |
1 |
|
|a компании
|
| 610 |
1 |
|
|a ИТ-стратегии
|
| 610 |
1 |
|
|a архитектура
|
| 610 |
1 |
|
|a методология
|
| 610 |
1 |
|
|a информационные системы
|
| 610 |
1 |
|
|a ИТ-проекты
|
| 610 |
1 |
|
|a проекты
|
| 610 |
1 |
|
|a информационные технологии
|
| 610 |
1 |
|
|a информационная безопасность
|
| 610 |
1 |
|
|a информационные ресурсы
|
| 610 |
1 |
|
|a учебные пособия
|
| 610 |
1 |
|
|a CD-ROM
|
| 686 |
|
|
|a У9(2)39я73
|v LBC/SL-A
|2 rubbk
|
| 702 |
|
1 |
|a Абдикеев
|b Н. М.
|4 340
|
| 801 |
|
1 |
|a RU
|b 63413507
|c 20100526
|
| 801 |
|
2 |
|a RU
|b 63413507
|c 20150530
|g RCR
|
| 900 |
|
|
|a Информационный менеджмент
|
| 942 |
|
|
|c MX
|
| 959 |
|
|
|a 33/20100524
|d 2
|e 299,90
|f ЧЗГЛ:1
|f АНЛ:1
|